| 000 | 00492nam a22001817a 4500 | ||
|---|---|---|---|
| 003 | OSt | ||
| 005 | 20240923090828.0 | ||
| 008 | 240923b |||||||| |||| 00| 0 eng d | ||
| 020 | _a027364650 | ||
| 040 | _cMUST | ||
| 100 |
_aChadwick Leslie _919175 |
||
| 245 | _aEssential Management Account for managers | ||
| 260 |
_aEurope _bPrentice Hall International _c2001 |
||
| 300 |
_aix,137p. : _bill. : _c24cm. |
||
| 500 | _aIncludes index | ||
| 600 | _2Management accounting | ||
| 942 |
_2ddc _cBOOK |
||
| 999 |
_c9391 _d9391 |
||